[Event "21st Alekhine Master 2017"]
[Site "Voronezh"]
[Date "2017.06.12"]
[Round "1"]
[White "Grachev, Boris"]
[Black "Bykov, Egor"]
[Result "1-0"]
[WhiteElo "2648"]
[BlackElo "2332"]
[Annotator "TA"]
[PlyCount "55"]
[EventDate "2017.??.??"]
[EventType "swiss"]
[EventCountry "RUS"]
[SourceTitle "playchess.com"]
[Source "ChessBase"]
[SourceQuality "1"]

{[%evp 14,55,-9,-9,-5,1,19,-5,0,-15,-12,-16,-9,-21,-20,-11,-8,-17,-6,-8,-4,-37,-8,-16,63,51,53,56,70,71,138,75,162,160,187,147,145,150,155,129,292,287,381,398]} 1. d4 Nf6 2. c4 e6 3. Nf3 b6 4. Nc3 Bb7 5. e3 d5 6. cxd5 exd5 7. Bb5+ c6 8. Bd3 Be7 {E14: Queen's Indian: Classical Variation (4 e3)} 9. O-O Nbd7 (9... O-O 10. b3 Nbd7 11. Bb2 Bd6 12. Qc2 Re8 13. Rfe1 Rc8 14. Rac1 Qc7 15. Bf5 h6 16. Ne5 Qd8 17. e4 Bxe5 18. dxe5 Rxe5 19. exd5 Rxe1+ 20. Rxe1 cxd5 {½-½ (50) Vidit,S (2644)-Jakovenko,D (2737) Doha 2015}) 10. Qe2 O-O {The position is equal.} 11. Ba6 $146 ({Predecessor:} 11. b3 Re8 12. Bb2 Bd6 13. Ba6 Bxa6 14. Qxa6 Nf8 15. Rac1 Ng6 16. Rfd1 {½-½ (73) Khurtsidze,N (2448)-Nikoladze,S (2214) Tbilisi 2010}) 11... Bxa6 12. Qxa6 Re8 13. Qa4 b5 14. Qc2 Bd6 15. b3 Rc8 16. Bb2 Ne4 17. Rad1 Re6 18. h3 Ng5 (18... Nxc3 $11 19. Bxc3 Nf6) 19. Nxg5 $14 Qxg5 {[#]} 20. Nxb5 $1 {[%mdl 512]} Rg6 {[%csl Gg6][%cal Rg5g2]} (20... cxb5 21. Qxc8+) 21. f4 $1 {[%cal Rf4g5]} Qg3 {[#]} (21... Qd8 $142 22. Rc1 (22. Nxa7 Rc7 $14) 22... Bb8) 22. Kh1 (22. Nxa7 $2 Rc7 $17) ({White should try} 22. Rd3 $1) 22... Bf8 (22... Bb8 $16 {was worth a try.}) 23. Nxa7 $18 Ra8 24. Rf3 Qh4 25. Nxc6 Rxa2 26. Ne5 Nxe5 $2 (26... Rd6 $16 27. b4 Nb6) 27. dxe5 Rg3 {Hoping for ...Rxf3.} 28. Qf2 {Precision: White = 54%, Black = 26%.} 1-0

[Event "21st Alekhine Master 2017"]
[Site "Voronezh"]
[Date "2017.06.12"]
[Round "1"]
[White "Savchenko, Boris"]
[Black "Sadhwani, Raunak"]
[Result "1-0"]
[WhiteElo "2639"]
[BlackElo "2328"]
[Annotator "TA"]
[PlyCount "85"]
[EventDate "2017.??.??"]
[EventType "swiss"]
[EventCountry "RUS"]
[SourceTitle "playchess.com"]
[Source "ChessBase"]
[SourceQuality "1"]

{[%evp 11,85,15,7,16,13,0,0,0,0,0,0,0,0,0,0,0,0,0,0,0,31,37,61,0,0,0,0,-1,26,30,25,0,19,0,0,0,0,0,12,0,0,0,32,26,25,27,36,31,171,191,257,248,248,221,261,249,249,220,213,164,164,179,162,152,158,129,343,339,441,444,418,400,464,455,592,589]} 1. e4 c6 2. Nc3 {[%cal Bb1c3,Bc3e2,Be2f4][%mdl 32]} d5 3. Nf3 Nf6 4. e5 Ne4 5. Ne2 Qb6 6. d4 {B11: Caro-Kann: Two Knights Variation} e6 {LiveBook: 107 Games} 7. Nf4 (7. Ng3 c5 8. Bd3 Nc6 9. Nxe4 dxe4 10. Bxe4 cxd4 11. O-O Bd7 12. a3 h6 13. Re1 {1-0 (71) Short,N (2675)-Caruana,F (2827) Caleta 2017}) 7... c5 $1 8. Bd3 {The position is equal.} cxd4 9. O-O Nc6 10. Nh5 Bd7 11. Re1 $146 ({Predecessor:} 11. a3 O-O-O 12. Re1 f5 13. exf6 gxf6 14. Bxe4 dxe4 15. Rxe4 {0-1 (43) Antal,G (2541)-Pechac,J (2431) Slovakia 2017}) 11... Nc5 12. Bf1 Ne4 13. Bd3 Nc5 {[%cal Be4c5,Bc5a4,Ba4c3,Bc3d1][%mdl 32]} 14. a3 h6 15. b4 Na4 16. c4 Nc3 17. c5 (17. Qc2 $14) 17... Nxd1 $11 18. cxb6 Nc3 19. bxa7 $1 Na4 20. Ra2 Rxa7 21. Rc2 Kd8 22. h4 Rg8 23. Bh7 Rh8 24. Bd3 $36 {[%mdl 2048] White has the initiative.} Rg8 25. g4 Be7 26. Kg2 f6 27. Nf4 {Threatening Nxe6+!} fxe5 28. Nxe5 Nxe5 29. Rxe5 Bf6 (29... Nc3 $14) 30. Nxe6+ $18 Ke7 (30... Bxe6 {keeps fighting.} 31. Rxe6 Nc3) 31. Re1 Bxe6 32. Rce2 Kf7 33. Rxe6 {[#] aiming for g5.} g5 34. hxg5 hxg5 35. Rd6 {Strongly threatening Rd7+.} Rd8 {[#]} 36. Rxd8 $1 Bxd8 37. Rh1 Nc3 38. Rh7+ Kg8 $2 (38... Ke6 $16 39. Rh6+ Kf7 40. Rh7+ Ke6 41. Rh6+ Kf7 42. Rh7+) 39. Rd7 Bf6 40. b5 {[%cal Bb4b5,Bb5b6][%mdl 32]} Ra8 41. Rxb7 Rc8 42. b6 Na4 43. Bd2 {Precision: White = 76%, Black = 64%.} 1-0

[Event "21st Alekhine Master 2017"]
[Site "Voronezh"]
[Date "2017.06.12"]
[Round "1"]
[White "Volkov, Sergey"]
[Black "Tsoi, Dmitry"]
[Result "0-1"]
[WhiteElo "2615"]
[BlackElo "2326"]
[Annotator "TA"]
[PlyCount "84"]
[EventDate "2017.??.??"]
[EventType "swiss"]
[EventCountry "RUS"]
[SourceTitle "playchess.com"]
[Source "ChessBase"]
[SourceQuality "1"]

{[%evp 18,84,0,0,18,0,0,0,0,0,0,0,0,-18,0,0,8,6,11,20,34,36,34,-44,0,-38,-45,-53,-52,-124,-117,-120,-115,-168,-44,-33,-35,-186,-180,-252,-257,-250,-260,-248,-255,-251,-246,-269,-235,-241,-256,-253,-202,-382,-385,-452,-446,-610,-607,-661,-660,-746,-745,-704,-677,-779,-799,-790,-744]} 1. d4 Nf6 2. c4 e6 3. Nc3 Bb4 4. f3 d5 5. a3 Bxc3+ 6. bxc3 c5 7. cxd5 Nxd5 8. dxc5 Qa5 9. e4 Nf6 10. Be3 O-O {E25: Nimzo-Indian: Sämisch: 5...c5 6 f3 d5 7 cxd5} 11. Kf2 Nfd7 12. Rb1 Rd8 {The position is equal.} 13. Qb3 (13. Rb5 Qxa3 14. Ne2 a6 15. Rb1 Qa5 16. Ra1 Ne5 17. Rxa5 Rxd1 18. Ng3 {½-½ (50) Mamedyarov,S (2743)-Lupulescu,C (2625) Tromsoe 2014}) 13... Qc7 14. Rd1 Rf8 15. Qb5 b6 16. cxb6 axb6 17. Ne2 Rxa3 18. Qb2 $146 Qa7 19. Rd2 Qa5 20. c4 (20. Nc1 $14) 20... Nc6 {[%cal Bb8c6,Bc6a5,Ba5c4,Bc4d2][%mdl 32] ...Rxe3! is the strong threat.} 21. Qb5 (21. Nd4 $5 {[%cal Rd4c6]} Nce5 22. Nb5 $11) 21... Nde5 22. Qxa5 Nxa5 23. Bxb6 (23. Rc2 $15) 23... Naxc4 $17 24. Bc5 Ra5 $1 $36 {[%mdl 2048] Black is really pushing.} ({Don't play} 24... Nxd2 $6 25. Bxa3 Rd8 26. Nf4 $11) 25. Bb4 {[#]} (25. Bxf8 $17 Nxd2 26. Bb4 Nxe4+ 27. fxe4 (27. Ke3 Ra4 $17) 27... Nd3+ 28. Ke3 Nxb4 29. Ng3) 25... Ra4 ({And not} 25... Nxd2 26. Bxa5 Nd3+ 27. Kg3 $11) (25... Rb5 $1 $19 {[%cal Rb5b4]} 26. Bxf8 Nxd2) 26. Bxf8 $15 {Threatens to win with Rd8.} Nxd2 27. Bd6 $2 {[#]} (27. Nc3 $1 $15 Ra1 28. Bd6 Nd3+ 29. Ke2) 27... Ng4+ $1 $19 {[%mdl 512]} 28. Ke1 {[#]} (28. fxg4 {was called for.} Nxe4+ 29. Kg1 Nxd6 30. h3) 28... Nxe4 $1 {[%mdl 512] ( -> ...Ra1+)} 29. Bf4 (29. fxe4 Ra1+) 29... Nef2 30. Rg1 Nd3+ 31. Kd2 Nxf4 32. fxg4 Nd5 33. h3 Ra2+ 34. Ke1 Ne3 35. Nf4 $2 (35. Kf2 Nxf1 36. Rxf1) 35... e5 36. Nh5 Bb7 {Black is clearly winning.} 37. Be2 Nxg2+ 38. Kf2 g6 39. Nf6+ Kg7 40. Ne8+ Kf8 41. Nd6 Nf4 42. Nxb7 Nxh3+ {Precision: White = 46%, Black = 79%.} 0-1

[Event "21st Alekhine Master 2017"]
[Site "Voronezh"]
[Date "2017.06.12"]
[Round "1"]
[White "Ponkratov, Pavel"]
[Black "Arjun Kalyan"]
[Result "1/2-1/2"]
[WhiteElo "2595"]
[BlackElo "2322"]
[Annotator "TA"]
[PlyCount "107"]
[EventDate "2017.??.??"]
[EventType "swiss"]
[EventCountry "RUS"]
[SourceTitle "playchess.com"]
[Source "ChessBase"]
[SourceQuality "1"]

{[%evp 9,107,16,25,22,27,44,36,14,23,14,10,-6,-1,0,0,3,5,14,14,16,9,-6,21,15,18,21,25,15,13,12,25,27,18,15,38,21,39,35,33,15,14,0,0,0,0,0,0,0,8,0,0,-1,62,62,62,62,62,62,62,62,62,62,96,96,84,89,90,64,58,8,8,8,25,0,0,0,0,0,0,0,0,0,0,0,0,0,0,0,0,0,0,0,0,0,0,0,0,0,0,0]} 1. Nf3 d5 2. g3 Nf6 3. Bg2 Bg4 4. h3 Bh5 5. c4 c6 6. O-O {A07: Réti Opening: New York and Capablanca Systems} Nbd7 7. cxd5 cxd5 8. Nc3 {White is slightly better.} e6 9. d3 Be7 10. e4 d4 11. Ne2 Bxf3 12. Bxf3 Ne5 $146 ({Predecessor:} 12... e5 13. Bg2 O-O {1-0 (55) Grischuk,A (2785)-Bjelobrk,I (2341) Tromsoe 2013}) 13. Bg2 O-O 14. f4 Nc6 15. Qb3 Qb6 16. Qxb6 axb6 17. e5 Nd5 18. Bxd5 exd5 19. Bd2 f6 20. exf6 $1 Bxf6 21. Kg2 Rfe8 22. Rfe1 Be7 23. a3 b5 24. f5 Bd6 25. Bf4 Bb4 26. axb4 Rxa1 27. Rxa1 Rxe2+ $11 {[%mdl 4096] Endgame KRB-KRN} 28. Kf3 Re8 29. Bd6 Kf7 30. Rc1 Ne5+ ({Better is} 30... Re3+ $11 31. Kg2 Kf6) 31. Bxe5 $1 $14 Rxe5 {KR-KR} 32. Kf4 Kf6 33. g4 {[#] White wants to mate with g5+.} g5+ 34. fxg6 $1 hxg6 35. h4 Re2 36. Rc5 Rf2+ 37. Kg3 Rxb2 38. Rxd5 Rxb4 39. Rd6+ Ke7 40. Rxg6 Rb3 41. Kf4 {[#] Black must now prevent Rg7+.} Rxd3 {The position is equal.} 42. Rb6 Rh3 43. h5 d3 $1 {[%cal Rd3d2] And now ...d2 would win.} 44. Rxb7+ Kd6 {Strongly threatening ...d2.} 45. Rxb5 d2 46. Rb1 {aiming for Rd1.} Rd3 47. Rd1 {Threatens to win with Ke4.} Rd4+ 48. Kf5 (48. Ke3 $5 {[%cal Re3d4]} Rxg4 49. Rxd2+ Ke6 50. Rh2 $11) 48... Ke7 $1 49. g5 {[%cal Bg4g5,Bg5g6][%mdl 32]} Kf7 50. Ke5 Rg4 51. g6+ Kg7 52. Kf5 Rd4 53. Ke6 (53. h6+ $5 Kxh6 54. Kf6 Rf4+ 55. Ke5 $11) 53... Rh4 54. Rxd2 {Precision: White = 53%, Black = 73%.} 1/2-1/2

[Event "21st Alekhine Master 2017"]
[Site "Voronezh"]
[Date "2017.06.12"]
[Round "1"]
[White "Kryakvin, Dmitry"]
[Black "Vinogradov, Anatoly"]
[Result "1-0"]
[WhiteElo "2572"]
[BlackElo "2309"]
[Annotator "TA"]
[PlyCount "89"]
[EventDate "2017.??.??"]
[EventType "swiss"]
[EventCountry "RUS"]
[SourceTitle "playchess.com"]
[Source "ChessBase"]
[SourceQuality "1"]

{[%evp 24,89,41,36,61,25,32,37,40,37,41,18,30,33,29,7,13,8,0,0,15,23,24,9,22,7,33,6,39,41,44,31,44,37,35,45,70,69,83,72,85,80,119,97,151,152,150,169,196,189,199,131,260,260,625,150,213,206,208,211,454,192,698,698,29989,29990,29990,29991]} 1. c4 e6 2. Nc3 d5 3. d4 Be7 4. Nf3 Nf6 5. cxd5 exd5 6. Qc2 c6 7. Bg5 Nbd7 8. e3 O-O 9. Bd3 Re8 10. O-O Nf8 11. h3 Be6 12. Bf4 {D36: Queen's Gambit Declined: Exchange Variation: Main line (5 Bg5 c6 6 Qc2)} Rc8 13. Rab1 {LiveBook: 3 Games} N6d7 {[#]} 14. Na4 $146 {White is slightly better.} ({Predecessor:} 14. b4 Nb6 15. a4 Bd6 16. Bxd6 Qxd6 17. a5 Nbd7 18. Na4 a6 19. Ng5 h6 20. Nxe6 Nxe6 {1-0 (72) Kovalyov,A (2617)-Savanovic,A (2440) Abu Dhabi 2016}) 14... c5 15. dxc5 Nxc5 16. Nxc5 Bxc5 17. Qd2 Ng6 18. Bg3 Qf6 19. Bb5 Red8 20. Nd4 Bxd4 21. exd4 Bf5 22. Rbc1 Qb6 23. Be2 h6 24. Rfd1 Re8 25. Bf3 Be6 26. b4 {[%cal Bb2b4,Bb4c5][%mdl 32]} Ne7 27. Rc5 Nf5 28. Be5 Nh4 29. Bh5 Nf5 30. Rdc1 Rxc5 31. bxc5 Qc6 32. Rc3 b6 33. g4 {[%cal Bg2g4,Bg4g5][%mdl 32]} Nh4 (33... Ne7 $142) 34. g5 $1 $16 {[%cal Rg5h6]} g6 35. gxh6 Kh7 ({Not} 35... gxh5 $2 36. Qg5+ Ng6 37. Qf6 $18) 36. Qg5 $1 {[%cal Rg5h4]} Nf5 37. Bg4 (37. Qf6 $18 Qc8 38. Bf3) 37... Rg8 {[#]} (37... Bd7 $16 38. Rc1 bxc5) 38. Qf6 $1 $18 Nxh6 $2 (38... Qc8 39. Bxf5 gxf5+ 40. Rg3 Rxg3+ 41. fxg3 Qg8) 39. Bf4 $2 (39. Ra3 $18 {and White stays clearly on top.}) 39... g5 {[#]} (39... Qe8 $16) 40. Be5 $1 ({Don't do} 40. Bxg5 $6 Rg6 $16) 40... Qc8 41. Bh5 {c6 is the strong threat.} bxc5 $2 (41... Qd8 {keeps fighting.} 42. Qxd8 Rxd8) 42. dxc5 $40 {[%mdl 128] White has strong attack.} (42. Rxc5 $142 Qf8 43. Rc6) 42... Qb7 $2 (42... Qd8 43. Qxd8 Rxd8) 43. Rb3 Qa6 44. Rb8 Bc8 {[#]} 45. Bg6+ $1 {[%mdl 512] Precision: White = 59%, Black = 31%.} 1-0

[Event "21st Alekhine Master 2017"]
[Site "Voronezh"]
[Date "2017.06.12"]
[Round "1"]
[White "Timofeev, Artyom"]
[Black "Tomilova, Elena"]
[Result "1-0"]
[WhiteElo "2561"]
[BlackElo "2303"]
[Annotator "TA"]
[PlyCount "85"]
[EventDate "2017.??.??"]
[EventType "swiss"]
[EventCountry "RUS"]
[SourceTitle "playchess.com"]
[Source "ChessBase"]
[SourceQuality "1"]

{[%evp 12,85,19,8,22,9,9,27,27,-25,12,9,23,33,52,5,14,16,24,21,37,44,81,81,66,62,75,81,82,45,137,133,152,141,152,133,195,185,224,222,258,266,279,158,427,381,629,607,1122,530,525,527,517,513,512,500,477,450,616,587,595,522,598,540,837,767,834,823,895,820,727,718,1148,1114,29980,29980]} 1. e4 e6 2. d4 d5 3. Nd2 c5 4. exd5 Qxd5 5. dxc5 Nf6 (5... Bxc5 6. Ngf3 Nf6 7. Bc4 Qc6 8. O-O Nbd7 9. Qe2 a6 10. a4 b6 11. Nb3 Bb7 12. Nxc5 Nxc5 13. b4 Ncd7 14. Rd1 O-O 15. b5 {½-½ (31) Zherebukh,Y (2605)-So,W (2822) Saint Louis 2017}) 6. Ngf3 {C07: French Tarrasch: 3...c5, 4 Ngf3 and 4 exd5 Qxd5} Qxc5 7. Bd3 {LiveBook: 109 Games} Qc7 8. Ne4 $146 {The position is equal.} ({Predecessor:} 8. Qe2 Nbd7 9. O-O Be7 10. Ne4 O-O 11. Nxf6+ Nxf6 12. Ne5 b6 13. Bf4 {½-½ (33) Zakhartsov,V (2429)-Malakhatko,V (2485) Feffernitz 2016}) 8... Nxe4 9. Bxe4 Nd7 10. Qd4 (10. c3 $142) 10... Nf6 (10... e5 $5 {[%cal Re5d4]} 11. Qa4 Be7 $11) 11. Bd3 Bc5 12. Qh4 Be7 13. Bg5 Bd7 14. O-O h6 15. Rfe1 Rg8 16. Bd2 $36 {[%mdl 2048] White has some pressure.} O-O-O 17. Bf4 $1 {[%cal Rf4c7]} Bd6 18. Bxd6 Qxd6 19. Ne5 {[%cal Bf3e5,Be5c4,Bc4e3][%mdl 32]} Be8 20. a4 g5 (20... Qc7 $14) 21. Qxh6 $16 Nd5 22. a5 f6 23. Nc4 Qc7 (23... Qe7 $16) 24. Ne3 $1 $18 ({Not} 24. Rxe6 Bf7 $17) 24... Nf4 25. Qxf6 Bc6 {[#]} 26. Bf1 $1 Rdf8 {[#]} 27. Qd4 (27. Qc3 $1 $18) 27... Qh7 $2 (27... g4 $16 {might work better.}) 28. a6 {Hoping for axb7+.} (28. Qxa7 Qh4 $14) 28... Rh8 $2 (28... b6 29. Ng4 Rd8) 29. axb7+ Kc7 {[%csl Gh8][%cal Rh7h2]} 30. b8=Q+ Kxb8 {[%csl Gh8][%cal Rh7h2]} 31. Qd6+ Qc7 32. Qxc7+ Kxc7 33. Rxa7+ Kb8 34. Rg7 Rh5 35. f3 Rfh8 36. h3 Bb7 37. Rd1 Rf8 38. Ng4 Nd5 39. c4 Nb4 40. Rd6 Nc6 41. b4 {[%cal Bb2b4,Bb4b5][%mdl 32]} e5 42. b5 Nd4 43. Rb6 {Precision: White = 72%, Black = 19%.} 1-0

[Event "21st Alekhine Master 2017"]
[Site "Voronezh"]
[Date "2017.06.12"]
[Round "1"]
[White "Rychagov, Andrey"]
[Black "Obolentseva, Alexandra"]
[Result "1/2-1/2"]
[WhiteElo "2556"]
[BlackElo "2283"]
[Annotator "TA"]
[PlyCount "114"]
[EventDate "2017.??.??"]
[EventType "swiss"]
[EventCountry "RUS"]
[SourceTitle "playchess.com"]
[Source "ChessBase"]
[SourceQuality "1"]

{[%evp 16,114,54,0,0,0,12,-79,-78,-83,-79,-78,-76,-67,-51,-68,-59,-75,-54,-54,-39,-85,-34,-60,-44,-143,-109,-131,-143,-144,-41,-45,-22,-52,0,0,0,0,16,0,156,-46,-39,-40,-27,-48,-49,-47,-6,-19,0,-12,0,0,0,-13,0,0,0,0,0,0,0,0,1,0,117,118,177,164,164,144,377,410,410,409,401,396,389,385,327,369,360,333,327,304,437,682,652,554,559,546,561,555,540,152,182,156,137,137,53]} 1. d4 Nf6 2. c4 g6 3. g3 Bg7 4. Bg2 O-O 5. Nc3 d6 6. Nf3 Nbd7 7. O-O e5 8. h3 a6 9. Qc2 (9. dxe5 $14 Nxe5 10. Nxe5 dxe5 11. b3) 9... exd4 $11 {E67: King's Indian: Fianchetto: 6...Nbd7} 10. Nxd4 Ne5 11. Nd5 (11. Bg5 $11) 11... c5 $17 {Black is better.} 12. Nb3 Nxd5 13. cxd5 b5 14. a4 Bd7 15. axb5 $146 ({Predecessor:} 15. Bd2 Nc4 16. Bc3 Bxc3 17. Qxc3 {0-1 (38) Jirka,J (2391)-Gallagher,J (2487) Sunningdale 2008}) 15... axb5 16. Bd2 Nc4 17. Bc3 Bxc3 18. Qxc3 {[#]} Qe7 ({Black should play} 18... Qg5 $1 $17) 19. e3 Nb6 20. Na5 (20. Nd2 $15) 20... b4 21. Qc1 Bb5 22. Rd1 Ba4 (22... Qf6 $17 23. Rd2 Ra7) 23. Nc6 $15 Qc7 24. Rd2 Bxc6 ({Black should try} 24... Qb7 $15) 25. dxc6 $11 Rxa1 26. Qxa1 Nc4 (26... Ra8 $5 {[%cal Ra8a1]} 27. Qc1 c4 $11) 27. Rd1 {Threatens to win with Qa6.} Ne5 $2 {[#]} (27... Na5 $1 $11) 28. h4 $2 (28. Qa6 $1 $16) 28... Nxc6 $15 29. Qa6 Ne5 $1 30. Qxd6 Qxd6 31. Rxd6 $11 {[%mdl 4096] Endgame KRB-KRN} c4 32. Be4 $1 Rc8 33. Rd5 Ng4 {White must now prevent ...Nf6.} 34. Rd4 Nf6 35. Bb1 b3 36. Kf1 Rc5 37. Ke2 Nd5 {...c3 is the strong threat.} 38. Kd2 Kg7 39. Be4 Nb4 40. Rd7 Re5 (40... Nd3 $1 $11) 41. f3 $16 {[%cal Bf2f3,Bf3f4][%mdl 32]} Kg8 (41... g5 $16 {was called for.}) 42. Rc7 f5 43. Bb7 Nd5 $2 (43... Nd3 $16) 44. f4 $18 Nxc7 45. fxe5 {KB-KN} Kf7 46. Kc3 Ke6 47. Kxc4 Kxe5 48. Kxb3 Ne8 49. Bf3 h6 50. Kc4 Kd6 (50... g5 {might work better.} 51. Kc5 Nc7) 51. b4 {[%cal Bb2b4,Bb4b5][%mdl 32]} Nf6 52. b5 Nd7 {aiming for ...Ne5+.} 53. Kd4 g5 54. hxg5 hxg5 55. Bh5 $2 (55. Bg2 $18 Nf6 56. b6) 55... Nc5 $16 {White is clearly better.} 56. Bf7 Ne4 57. g4 $1 {[%cal Rg4f5]} Ng3 {Precision: White = 55%, Black = 45%.} 1/2-1/2

[Event "21st Alekhine Master 2017"]
[Site "Voronezh"]
[Date "2017.06.12"]
[Round "1"]
[White "Rychagov, Andrey"]
[Black "Obolentseva, Alexandra"]
[Result "*"]
[WhiteElo "2556"]
[BlackElo "2283"]
[Annotator "TA"]
[PlyCount "37"]
[EventDate "2017.??.??"]
[EventType "swiss"]
[EventCountry "RUS"]
[SourceTitle "playchess.com"]
[Source "ChessBase"]
[SourceQuality "1"]

{[%evp 15,16,20,56]} 1. d4 Nf6 2. c4 g6 3. g3 Bg7 4. Bg2 O-O 5. Nc3 d6 6. Nf3 Nbd7 7. O-O e5 8. h3 a6 {Predecessor:} 9. dxe5 $146 dxe5 10. Be3 Qe7 11. Qb3 c6 12. Rfd1 Rb8 13. Nd2 Nh5 14. Nde4 f5 15. Nd6 f4 16. Ba7 fxg3 17. fxg3 Nxg3 18. Bxb8 Nxb8 19. Nxc8 {½-½ (33) Sargissian,G (2677)-Mamedov,R (2660) Khanty-Mansiysk 2010} *

[Event "21st Alekhine Master 2017"]
[Site "Voronezh"]
[Date "2017.06.12"]
[Round "1"]
[White "Gukesh D"]
[Black "Kokarev, Dmitry"]
[Result "1/2-1/2"]
[WhiteElo "2332"]
[BlackElo "2640"]
[Annotator "TA"]
[PlyCount "104"]
[EventDate "2017.??.??"]
[EventType "swiss"]
[EventCountry "RUS"]
[SourceTitle "playchess.com"]
[Source "ChessBase"]
[SourceQuality "1"]

{[%evp 11,104,0,0,0,0,-2,0,0,4,8,0,-24,-17,-31,0,0,0,0,0,0,0,0,11,-24,10,0,42,31,40,-18,0,0,18,30,25,0,0,0,0,0,0,0,0,0,0,0,0,0,0,0,0,0,0,0,0,0,0,0,0,0,0,0,0,0,0,0,0,0,0,0,0,0,0,0,0,0,0,0,0,0,0,0,0,0,0,0,0,0,0,0,0,0,0,0,97]} 1. Nf3 c5 2. g3 g6 3. Bg2 Bg7 4. d4 cxd4 5. Nxd4 Nc6 6. Nb3 Nf6 7. e4 {A04: Unusual lines after 1 Nf3 and King's Indian Attack} (7. c4 O-O 8. O-O b6 9. Nc3 Bb7 10. c5 Rc8 11. e4 Ba8 12. cxb6 axb6 13. f4 d6 14. Be3 Nd7 15. Qe2 Nc5 16. Rfd1 {0-1 (51) Maghsoodloo,P (2584)-Tregubov,P (2585) Doha 2016}) 7... O-O 8. Nc3 Rb8 9. a4 b6 $146 ({Predecessor:} 9... a6 10. Qe2 d6 11. O-O Be6 12. Nd5 Re8 13. Rd1 Bc8 14. Nc3 Nb4 {½-½ (43) Rinkinen,S-Louhivaara,J Finland 2001}) 10. O-O d6 11. h3 Nd7 12. Be3 Bb7 13. Nd4 Rc8 14. Nxc6 Rxc6 15. Bd4 Bxd4 16. Qxd4 Re8 17. a5 Qb8 18. Rfc1 Rc5 19. b4 Rcc8 20. Nd5 (20. Nd1 $14) 20... e5 21. Qd2 bxa5 (21... Bxd5 $5 22. Qxd5 Nf6 $11) 22. Rxa5 Bxd5 $1 23. exd5 Nb6 {[#] Threatens to win with ...Nc4.The position is equal.} 24. Bf1 Nc4 25. Bxc4 $1 Rxc4 26. c3 Rec8 27. Qe3 Qb7 28. Qxa7 Qxa7 29. Rxa7 Rxb4 $11 {[%mdl 4096] Endgame KRR-KRR} 30. Ra6 Rbc4 31. Rxd6 Rxc3 32. Rxc3 Rxc3 {KR-KR} 33. Rd8+ Kg7 34. d6 Rd3 35. d7 f6 36. Kf1 h5 37. Ke2 Rd6 38. h4 Kf7 39. Ke3 Ke6 40. Rg8 Rxd7 41. Rxg6 Rh7 $1 {[#] aiming for ...Kf7.} 42. Rg8 Kf5 43. Ra8 Rb7 44. Ra4 Rb3+ 45. Ke2 e4 46. Rc4 Ra3 47. Rb4 Ra2+ 48. Ke3 Ra3+ 49. Ke2 Ra2+ 50. Ke3 Ra3+ 51. Ke2 Ra2+ 52. Ke3 Ke5 {Precision: White = 66%, Black = 67%.} (52... Ra3+ $11 53. Ke2) 1/2-1/2

[Event "21st Alekhine Master 2017"]
[Site "Voronezh"]
[Date "2017.06.12"]
[Round "1"]
[White "Nazaretyan, Tigran"]
[Black "Popov, Ivan"]
[Result "0-1"]
[WhiteElo "2328"]
[BlackElo "2619"]
[Annotator "TA"]
[PlyCount "94"]
[EventDate "2017.??.??"]
[EventType "swiss"]
[EventCountry "RUS"]
[SourceTitle "playchess.com"]
[Source "ChessBase"]
[SourceQuality "1"]

{[%evp 16,94,40,15,14,20,20,-21,-25,-21,-23,-23,-18,-27,0,0,0,0,0,-24,0,-12,0,0,0,0,0,0,0,0,0,-25,-13,-18,-18,-16,0,0,0,-12,-8,-41,-29,-31,-25,-32,-6,-6,-8,-68,-75,-142,-133,-246,-247,-227,-237,-318,-196,-352,-362,-485,-476,-1002,-997,-953,-882,-2617,-2329,-6398,-9185,-2663,-2609,-29984,-29985,-29985,-29986,-29986,-29987,-29987,-29988]} 1. d4 Nf6 2. c4 e6 3. Nc3 Bb4 4. e3 b6 5. Nge2 c5 6. a3 Ba5 7. Rb1 Qe7 8. Bd2 Bxc3 {E42: Nimzo-Indian: Rubinstein: 4...c5 5 Ne2} (8... O-O 9. Ng3 cxd4 10. exd4 Bxc3 11. Bxc3 Nc6 12. Be2 {½-½ (12) Peralta,F (2587)-Ortiz Suarez,I (2564) Badalona 2016}) 9. Nxc3 {LiveBook: 6 Games} O-O 10. Be2 Bb7 {The position is equal.} 11. d5 $146 ({Predecessor:} 11. O-O cxd4 12. exd4 d5 13. cxd5 Nxd5 14. Nxd5 Bxd5 15. Bb4 Qg5 16. g3 {0-1 (50) Krueger,E (2206)-Rueberg,J (2237) Dresden 2006}) 11... exd5 12. Bf3 {[%cal Rc4d5]} d6 13. cxd5 Ba6 14. Be2 Bxe2 15. Qxe2 Ne4 16. O-O Nd7 {[%cal Bb8d7,Bd7e5,Be5g4][%mdl 32]} 17. f3 Nxd2 18. Qxd2 f5 19. Rfe1 Rae8 20. Re2 Ne5 21. Rbe1 Qg5 22. Kh1 {[#] And now f4 would win.} Qh6 23. Kg1 Qg6 24. Kh1 Re7 25. f4 Ng4 26. e4 $1 {[%cal Re4e5]} fxe4 27. Rxe4 Rxe4 $40 {[%mdl 128] Black has some attack.} 28. Rxe4 Re8 29. Rxe8+ Qxe8 30. h3 Qe3 (30... Nf6 {keeps more tension.} 31. g4 b5 32. g5 Nh5 33. Kg1 a6) 31. Qxe3 Nxe3 $11 {[%mdl 4096] Endgame KN-KN} 32. Nb5 (32. a4 $11) 32... Nxd5 $15 33. g3 ({White should play} 33. f5) 33... Kf7 $17 34. Nxd6+ (34. Nxa7 $17 {might work better.} Ne3 35. Nc8) 34... Ke6 $19 35. Ne4 {[#]} Ne3 $1 36. b3 Nc2 37. Kg2 $2 (37. a4) 37... Nxa3 38. Ng5+ Kd5 39. Nxh7 (39. Kf1 $142 Nb5 40. Nf3) 39... c4 40. bxc4+ Nxc4 41. Kf3 a5 {[%cal Ba7a5,Ba5a4,Ba4a3,Ba3a2][%mdl 32]} 42. Ng5 a4 43. Ne4 Kd4 44. g4 a3 {Black mates.} 45. Ng3 a2 46. Ne2+ Kc5 47. Nc1 Nd2+ {Precision: White = 46%, Black = 80%.} 0-1